| 000 | 01237cac a22002891u 4500 | ||
|---|---|---|---|
| 090 | _c6937 | ||
| 008 | 081106t2000 xxu||||| |||| 00| 0 eng d | ||
| 010 | _a99047188 | ||
| 020 | _a157230510X | ||
| 082 | 0 | 0 |
_a155.92 _bMCC |
| 245 | 0 | 0 |
_aForgiveness : _btheory, research, and practice / _cedited by Michael E. McCullough, Kenneth I. Pargament, Carl E. Thoresen. |
| 260 |
_aNew York : _bGuilford Press, _cc2000. |
||
| 300 |
_axviii, 334 p. : _bill. ; _c24 cm. |
||
| 500 | _adistributer: Al-Ahram | ||
| 504 | _aIncludes bibliographical references and index. | ||
| 511 | _acatalogued by: wessam | ||
| 650 | 0 | _aForgiveness. | |
| 700 | 1 | _aMcCullough, Michael E. | |
| 700 | 1 |
_aPargament, Kenneth I. _q(Kenneth Ira), _d1950- |
|
| 700 | 1 | _aThoresen, Carl E. | |
| 856 | 4 | 2 |
_3Contributor biographical information _uhttp://www.loc.gov/catdir/bios/guilford051/99047188.html |
| 856 | 4 | 2 |
_3Publisher description _uhttp://www.loc.gov/catdir/description/guilford051/99047188.html |
| 856 | 4 | 2 |
_3Table of contents _uhttp://www.loc.gov/catdir/toc/guilford041/99047188.html |
| 856 | 4 | 2 |
_3Sample text _uhttp://www.loc.gov/catdir/enhancements/fy0706/99047188-s.html |
| 942 |
_cBB _k155.92MCC _2ddc |
||
| 999 |
_c6937 _d6937 |
||